| 000 | 00945naa a2200277 c 4500 | ||
|---|---|---|---|
| 001 | 36510 | ||
| 003 | ES-MaCES | ||
| 005 | 20151030122627.0 | ||
| 008 | 060518n2006 fr t 00| | fre d | ||
| 035 | _aCES20060007782v | ||
| 040 |
_aES-MaCES _bspa _cES-MaCES |
||
| 100 | 1 |
_99727 _aCloot, Ivan van de |
|
| 245 | 1 | 3 |
_aLe boom des héritages, une solution pour les retraites¿ _cIvan Van de Cloot |
| 500 | _aResumen | ||
| 650 | 4 |
_apaís desarrollado _927091 |
|
| 650 | 4 |
_acrecimiento económico _927094 |
|
| 650 | 4 |
_anivel de vida _927115 |
|
| 650 | 4 |
_aprestaciones de vejez _927041 |
|
| 650 | 4 |
_ajubilación _928360 |
|
| 650 | 4 |
_aenvejecimiento de la población _930614 |
|
| 653 | 1 | 0 | _aAsuntos Sociales |
| 773 | 0 |
_tProblèmes économiques _gnº 2897 (12 avril 2006){10191 R. 064245}; p. 9-13 _w(ES-MaCES)25207 _942444 |
|
| 902 | _aART Artículo de revista | ||
| 942 |
_2CES _cAR _h3.3. |
||
| 999 |
_c36510 _d36510 |
||